LEADER 01268nam a2200241 i 4500 001 000000053310 003 CaOOAMICUS 005 20120825000000.0 008 120825s1970 xx u000 u mul u 013 $a24482 040 $aSeMil$bita 245 10$aActa conventus internationalis canonistarum :$bRomae diebus 20-25 mai 1968 celebrati. 260 $a[Cittą del Vaticano] :$bTypis Polyglottis Vaticanis,$c1970. 300 $aXXXIV, 754 p. ;$c25 cm. 500 $aDalla biblioteca del Card. G. Colombo. - In testa al front. : Pontificia commissio Codici iuris canonici recognoscendo. 650 4$aDiritto canonico - Studi.$0(OLS)http://semarc/subject/1680 700 1 $aConventus Internationalis Canonistarum <1968 ; Roma>.$0(OLS)http://semarc/name/26328 710 2 $aPontificia Commissione per la revisione del Codice di Diritto Canonico.$0(OLS)http://semarc/name/1854 850 $aSeMil 852 $aSeMil$W1$xVenegono$y1$m2H IV 121$j19464$B19464$CSeMilBibl$Z2$F19466 $81 961 $aLascito: Colombo Card. Giovanni 996 $6245$aActa conventus internationalis canonistarum :$bRomae diebus 20-25 mai 1968 celebrati$9(OLS)http://semarc/title/82108 996 $6260$a[Cittą del Vaticano] :$bTypis Polyglottis Vaticanis$9(OLS)http://semarc/publisher/34811 LEADER 01158nam a2200265 i 4500 001 000000111763 003 CaOOAMICUS 005 20030129000000.0 008 030129s1979 it u000 u ita u 013 $a84445 040 $aSeMil$bita 100 1 $aScaltriti, Giacinto Arturo .$0(OLS)http://semarc/name/15486 245 10$aPier Giorgio Frassati e il suo Savonarola /$cGiacinto Arturo Scaltriti. 260 $aRoma :$bPaoline,$ccopyr. 1979. 300 $a238 p. ;$c19 cm. 490 0 $aBiografie di contemporanei ;$v1 500 $aIn preliminari : Dedica autografa al Card. di Milano. - Contiene : Cronologia. - Fondo Card.C.M. Martini. 600 14$aFrassati, Pier Giorgio .$0(OLS)http://semarc/subject/9993 830 0$aBiografie di contemporanei ;$v1.$0(OLS)http://semarc/title/6178 850 $aSeMil 852 $aSeMil$W1$xVenegono$y1$m3H I 13$j67576$B67576$CSeMilBibl$Z2$F97814 $81 941 1 $a4 961 $aOmaggio: Martini Card. Carlo Maria 996 $6245$aPier Giorgio Frassati e il suo Savonarola$9(OLS)http://semarc/title/162772 996 $6260$aRoma :$bPaoline$9(OLS)http://semarc/publisher/29686